<?xml version="1.0" encoding="UTF-8"?>
<marc:record xmlns:marc="http://www.loc.gov/MARC21/slim">
   <marc:leader>00000nam a2200000 a 4500</marc:leader>
   <marc:datafield ind1="1" ind2=" " tag="100">
      <marc:subfield code="a">Drvenkar, Zoran</marc:subfield>
      <marc:subfield code="4">aut</marc:subfield>
      <marc:subfield code="e">Verfasser/-in</marc:subfield>
   </marc:datafield>
   <marc:datafield ind1=" " ind2=" " tag="653">
      <marc:subfield code="a">Thriller</marc:subfield>
   </marc:datafield>
   <marc:datafield ind1=" " ind2=" " tag="653">
      <marc:subfield code="a">Spionage</marc:subfield>
   </marc:datafield>
   <marc:datafield ind1="0" ind2="0" tag="245">
      <marc:subfield code="a">Sorry</marc:subfield>
   </marc:datafield>
   <marc:datafield ind1="0" ind2="0" tag="245">
      <marc:subfield code="b">Thriller</marc:subfield>
   </marc:datafield>
   <marc:datafield ind1="0" ind2="0" tag="245">
      <marc:subfield code="c">Zoran Drvenkar</marc:subfield>
   </marc:datafield>
   <marc:datafield ind1=" " ind2="1" tag="264">
      <marc:subfield code="a">Berlin</marc:subfield>
      <marc:subfield code="b">Ullstein</marc:subfield>
      <marc:subfield code="c">2009</marc:subfield>
   </marc:datafield>
   <marc:datafield ind1="1" ind2=" " tag="520">
      <marc:subfield code="a">Angaben aus der Verlagsmeldung

Sorry : Thriller / von Zoran Drvenkar

Ihr Angebot rüttelt die Geschäftswelt auf, denn sie entschuldigen sich für die Vergehen von Unternehmen. Sie bieten den Schuldigen Unterstützung an und helfen den Opfern. Sie selbst verdienen viel Geld damit, die vier jungen Berliner, die diese clevere Geschäftsidee hatten, irgendwann, bevor alles anfing. Immer mehr Menschen erleichtern über sie ihr Gewissen - als ihnen eines Tages jemand den Auftrag erteilt, eine Tote um Verzeihung zu bitten für die unvorstellbaren Qualen, unter denen sie starb. Hier schnappt die Falle zu. Die Lektion, die der Auftraggeber ihnen ab jetzt erteilt, ist voller Dunkelheit: Wie Schachfiguren werden sie auf eine Spur der Grausamkeit gesetzt, auf der es keine Vergebung gibt, kein Schwarzweiß mehr zwischen Opfer und Täter. Zoran Drvenkars verstörender neuer Roman erzählt auf zwingende Weise von einer Welt, in der wir der Gewalt nicht mehr ausweichen können.
</marc:subfield>
   </marc:datafield>
   <marc:datafield ind1=" " ind2=" " tag="020">
      <marc:subfield code="a">9783550087721</marc:subfield>
      <marc:subfield code="9">9783550087721</marc:subfield>
   </marc:datafield>
   <marc:datafield ind1=" " ind2=" " tag="300">
      <marc:subfield code="a">396 S.</marc:subfield>
   </marc:datafield>
</marc:record>
